|
|
|
|
| LEADER |
01152nam a2200289 a 4500 |
| 001 |
000055402 |
| 003 |
CZ BrMZK |
| 005 |
20060111121807.0 |
| 008 |
960113s1995 xr f cze d |
| 020 |
|
|
|a 80-7194-003-8
|
| 040 |
|
|
|a BOA001
|b cze
|
| 041 |
1 |
|
|a cze
|a slo
|g eng
|
| 080 |
|
|
|a 621.3(075.8)
|2 MRF
|
| 080 |
|
|
|a 621.31/.34(075)
|2 MRF
|
| 100 |
1 |
|
|a Konečná, Eva
|7 mzk2006322821
|4 aut
|
| 245 |
1 |
0 |
|a Elektrotechnika /
|c Eva Konečná, Vladimír Ráček, Juraj Wagner
|
| 250 |
|
|
|a Vyd. 1.
|
| 260 |
|
|
|a Pardubice :
|b Univerzita Pardubice,
|c 1995
|
| 300 |
|
|
|a 133 s. ;
|c 30 cm
|
| 500 |
|
|
|a Určeno pro posl. Dopravní fak. Jana Pernera Univerzity v Pardubicích. - Bibliogr. - Angl.-čes. slov. techn. termínů
|
| 653 |
0 |
|
|a elektrické stroje
|a elektrotechnika
|
| 700 |
1 |
|
|a Wagner, Juraj,
|d 1945-
|7 mzk2009517748
|4 aut
|
| 700 |
1 |
|
|a Ráček, Vladimír,
|d 1935-
|7 xx0024737
|4 aut
|
| 910 |
|
|
|a BOA001
|b TK-A-0258.038
|
| 990 |
|
|
|a BK
|
| 996 |
7 |
|
|b 2620002560
|c TK-A-0258.038
|l MZK
|r Sklad / do 24 hodin
|n 6
|p kup
|w 000055402
|u 000010
|a 1
|e BOA001
|j MZK50
|s A
|
| 996 |
7 |
|
|b 2620002561
|c TK-A-0258.038
|l MZK
|r Sklad / do 24 hodin
|n 3
|p kup
|w 000055402
|u 000020
|a 1
|e BOA001
|j MZK50
|s A
|